000 00203nam a22000857a 4500
008 160719b xxu||||| |||| 00| 0 eng d
100 _93051
_aJain S.K
245 _aScience-7
260 _aNew Delhi
_bPrachi
_c2013
999 _c2614
_d2614